| 000 | 00353pab a2200145 454500 | ||
|---|---|---|---|
| 008 | 180718b1955 xxu||||| |||| 00| 0 eng d | ||
| 100 | _aBopat, S.B. | ||
| 245 | _aO & M: In the Government of India | ||
| 260 | _c1955 | ||
| 300 | _ap. 61-80 | ||
| 362 | _aJan.-Mar. | ||
| 773 | _aIndian Journal of Public Administration | ||
| 908 | _aN | ||
| 909 | _a87863 | ||
| 999 |
_c87863 _d87863 |
||